Vývoj názorov na postavenie ekonomiky Slovenska v predmníchovskej republike

Salvato in:
Dettagli Bibliografici
Autore principale: Fabricius, Miroslav
Altri autori: Jaura, Zdeno
Natura: Libro
Lingua:slovacco
Pubblicazione: Bratislava Ekon. ústav SAV 1985
Edizione:1. vyd.
Tags: Aggiungi Tag
Nessun Tag, puoi essere il primo ad aggiungerne!!

MARC

LEADER 00000nam a2200000 4500
001 c030653
005 20230110082049.6
041 0 |a slo 
044 |a SK 
245 1 0 |a Vývoj názorov na postavenie ekonomiky Slovenska v predmníchovskej republike  |c Miroslav Fabricius ; Ved. práce Zdeno Jaura 
250 |a 1. vyd. 
264 1 |a Bratislava  |b Ekon. ústav SAV  |c 1985 
300 |a 229 s.  |e príl. 
100 1 |a Fabricius, Miroslav 
700 1 |a Jaura, Zdeno